| 000 | 01166 a2200253 4500 | ||
|---|---|---|---|
| 005 | 20251118123032.0 | ||
| 008 | 251118b |||||||| |||| 00| 0 eng d | ||
| 020 | _a9789385538162 (hbk) | ||
| 037 | _cTB | ||
| 040 |
_aCRL _cCRL |
||
| 041 |
_2hin _ahin _hsan |
||
| 084 |
_aO15,1:g(P:1) 152Q6 _qCRL |
||
| 100 |
_aगुप्ता, ममता _9821690 |
||
| 245 |
_aगुणीभूतव्यड़ग्यकाव्य : _bसिद्धान्त और प्रयोग |
||
| 260 |
_aदिल्ली, भारत: _bज्ञानभारती पब्लिकेशन्स, _c2016. |
||
| 300 | _a237पृ. | ||
| 365 |
_b795.00 _cINR |
||
| 546 | _aTranslated from Sanskrit to Hindi | ||
| 650 |
_aसंस्कृत साहित्य _9851992 |
||
| 650 |
_aसंस्कृत कविता _9851993 |
||
| 650 |
_aसंस्कृत भाषा _9851994 |
||
| 942 |
_cTB _2CC _n0 _hO15,1:g(P:1) 152Q6 |
||
| 999 |
_c1435639 _d1435639 |
||